000 00987nam0a2200289 4500
001 RU\NLR\bibl\1432037
005 20250615221842.0
010 _a978-5-9524-4487-4
_93000
021 _aRU
_b2009-70462
_94370
035 _a(NLR Aleph) 001423948
090 _a1360215
_c1360215
100 _a20091029d2009 |||y0rusy50 ca
101 1 _arus
_ceng
102 _aRU
105 _aa |||||||||
200 1 _aКельты
_eвоины и маги
_fТеренс Пауэлл
_g[пер. с англ. О.А. Павловской]
210 _aМосква
_cЦентрполиграф
_d2009
215 _a235, [1] с., [24] л. ил.
_cил., карт.
_d21
225 1 _aЗагадки древних народов
606 1 _aКельты
_xИстория
_92150946
_3RU\NLR\auth\661295354
686 _aТ3(0)413.0
700 1 _aПауэлл
_bТ.
_gТеренс
_4070
801 0 _aRU
_bNLR
_c20091029
_gRCR
801 1 _aRU
_bNLR
_c20091029
942 _cBOOK
980 _aNB